Faith to creed : (Record no. 118152)
[ view plain ]
| 000 -LEADER | |
|---|---|
| fixed length control field | 01504cam a2200301 a 4500 |
| 001 - CONTROL NUMBER | |
| control field | 1052664 |
| 003 - CONTROL NUMBER IDENTIFIER | |
| control field | ARRUPE |
| 005 - DATE AND TIME OF LATEST TRANSACTION | |
| control field | 20130927170306.0 |
| 008 - FIXED-LENGTH DATA ELEMENTS--GENERAL INFORMATION | |
| fixed length control field | 901022s1991 miu b 100 0 eng |
| 010 ## - LIBRARY OF CONGRESS CONTROL NUMBER | |
| LC control number | 90022215 |
| 020 ## - INTERNATIONAL STANDARD BOOK NUMBER | |
| International Standard Book Number | 0802805515 |
| 040 ## - CATALOGING SOURCE | |
| Original cataloging agency | DLC |
| Transcribing agency | DLC |
| Modifying agency | DLC |
| 050 00 - LIBRARY OF CONGRESS CALL NUMBER | |
| Classification number | BT25 |
| Item number | .F35 1989 |
| 300 ## - PHYSICAL DESCRIPTION | |
| Dimensions | 22 cm. |
| 111 2# - MAIN ENTRY--MEETING NAME | |
| Meeting name or jurisdiction name as entry element | Faith to Creed Consultation |
| Date of meeting | (1989 : |
| Location of meeting | Waltham, Mass.) |
| 9 (RLIN) | 1702 |
| 245 10 - TITLE STATEMENT | |
| Title | Faith to creed : |
| Remainder of title | ecumenical perspectives on the affirmation of the apostolic faith in the fourth century : papers of the Faith to Creed Consultation, Commission on Faith and Order, NCCCUSA, October 25-27, 1989--Waltham, Massachusetts / |
| Statement of responsibility, etc | edited by S. Mark Heim. |
| 260 ## - PUBLICATION, DISTRIBUTION, ETC. (IMPRINT) | |
| Place of publication, distribution, etc | Grand Rapids, Mich. : |
| Name of publisher, distributor, etc | W.B. Eerdmans for Commission on Faith and Order, National Council of the Churches of Christ in the U.S.A., |
| Date of publication, distribution, etc | 1991. |
| 300 ## - PHYSICAL DESCRIPTION | |
| Extent | xxiii, 206 p. ; |
| 440 #0 - SERIES STATEMENT/ADDED ENTRY--TITLE | |
| Title | Faith and order series |
| 9 (RLIN) | 1703 |
| 504 ## - BIBLIOGRAPHY, ETC. NOTE | |
| Bibliography, etc | Includes bibliographical references. |
| 630 00 - SUBJECT ADDED ENTRY--UNIFORM TITLE | |
| Uniform title | Nicene Creed |
| General subdivision | Congresses. |
| 9 (RLIN) | 1704 |
| 650 #0 - SUBJECT ADDED ENTRY--TOPICAL TERM | |
| Topical term or geographic name as entry element | Theology, Doctrinal |
| General subdivision | History |
| Chronological subdivision | Early church, ca. 30-600 |
| General subdivision | Congresses. |
| 9 (RLIN) | 1705 |
| 650 #0 - SUBJECT ADDED ENTRY--TOPICAL TERM | |
| Topical term or geographic name as entry element | Church history |
| Chronological subdivision | 4th century |
| General subdivision | Congresses. |
| 9 (RLIN) | 1706 |
| 700 1# - ADDED ENTRY--PERSONAL NAME | |
| Personal name | Heim, S. Mark. |
| 9 (RLIN) | 1707 |
| 710 2# - ADDED ENTRY--CORPORATE NAME | |
| Corporate name or jurisdiction name as entry element | National Council of the Churches of Christ in the United States of America. |
| Subordinate unit | Commission on Faith and Order. |
| 9 (RLIN) | 1708 |
| 906 ## - LOCAL DATA ELEMENT F, LDF (RLIN) | |
| a | 7 |
| b | cbc |
| c | orignew |
| d | 1 |
| e | ocip |
| f | 19 |
| g | y-gencatlg |
| 942 ## - ADDED ENTRY ELEMENTS (KOHA) | |
| Source of classification or shelving scheme | Library of Congress Classification |
| Koha item type | Monograph ( Printed materials) |
| Withdrawn status | Lost status | Source of classification or shelving scheme | Damaged status | Not for loan | Home library | Current library | Shelving location | Date acquired | Total Checkouts | Full call number | Barcode | Date last seen | Price effective from | Koha item type |
|---|---|---|---|---|---|---|---|---|---|---|---|---|---|---|
| Library of Congress Classification | ARRUPE LIBRARY | ARRUPE LIBRARY | Main Collection | 27/09/2013 | BT25 .F35 1989 | 46410136 | 27/09/2013 | 27/09/2013 | Monograph ( Printed materials) |